The Sinclair Story

Đã lưu trong:
Bibliografiske detaljer
Hovedforfatter: Dale, Rodney
Format: Bog
Sprog:Undetermined
Udgivet: London Gerald Duckworth & Co Ltd 1985
Fag:
Tags: Tilføj Tag
Ingen Tags, Vær først til at tagge denne postø!
Thư viện lưu trữ: Trung tâm Học liệu Trường Đại học Cần Thơ
LEADER 00565nam a2200205Ia 4500
001 CTU_82595
008 210402s9999 xx 000 0 und d
082 |a 338.04 
082 |b D139 
100 |a Dale, Rodney 
245 4 |a The Sinclair Story 
245 0 |c Rodney Dale 
260 |a London 
260 |b Gerald Duckworth & Co Ltd 
260 |c 1985 
650 |a Businessmen,Electronic industries 
650 |x Biography,History 
650 |z Great britain,Great britain 
904 |i QHieu(sửa) 
980 |a Trung tâm Học liệu Trường Đại học Cần Thơ